000 00331nam a22001457a 4500
008 221007b ||||| |||| 00| 0 eng d
020 _a0323014593
041 _aeng
080 _2fifth edition
_a610.73
082 _a610.73
100 _a5
101 _aINF
245 _aNURSING DIAGNOSIS HANDBOOK
_cACKLEY B
942 _2udc
_cBK
999 _c58409
_d58409